| 000 | 01150nam a2200289 i 4500 | ||
|---|---|---|---|
| 003 | DO-SdBNP | ||
| 005 | 20231026092230.0 | ||
| 006 | a||||gr|||| 00| 0 | ||
| 007 | ta | ||
| 008 | 231025e1999 dr c||| |||| 00| 0 spa d | ||
| 040 |
_aDO-SdBNP _bspa _cBNPHU _erda |
||
| 082 | 4 |
_222 _bG633c |
|
| 245 | 0 | 0 |
_a14 de junio y Manaclas: _b1959 - 1963. / _ccompiladora y editora, Fiume Gómez Sánchez; prólogo, Ana Silvia Reynoso de Abud. |
| 246 | 0 | 1 |
_aCatorce de junio y Manaclas: _b1959 - 1963. |
| 264 | 1 |
_aSanto Domingo : _bCPEP, _c1999 |
|
| 300 |
_a1038 páginas : _bIlustraciones, fotografías, retratos ; _c28 cm. |
||
| 336 |
_2rdacontent _atexto _btxt |
||
| 337 |
_2rdamedia _asin mediación _bn |
||
| 338 |
_2rdacarrier _avolumen _bnc |
||
| 500 | _aIncluye datos biográficos de la autora en la contracubierta. | ||
| 504 | _aBibliografía: páginas 103 | ||
| 590 | _aInventariado 2023 / MF | ||
| 700 | 1 |
_aGómez Sánchez, Fiume B., _d1941- _922477 _ecompiladora y editora |
|
| 700 | 1 |
_aReynoso de Abud, Ana Silvia, _d1939- _929477 _eprólogo |
|
| 710 | 2 |
_aComisión Permante de Efemérides Patrias. Gobierno Constitucional. _975495 |
|
| 942 |
_2ddc _cLBS1 |
||
| 999 |
_c55281 _d55281 |
||